000 01361nam a22003737a 4500
003 CHAP
005 20220329143601.0
008 100721s2010 mx r 00010 spa d
010 _a98850
011 _a99822
035 _a110508
040 _cCHAP
090 _aTesis
100 1 _aJuárez Clavería, Nicolas.
_962393
245 1 0 _aTipología de arreglos florales
_c/por Nicolás Juárez Clavería
260 _aChapingo, Méx. :
_bEl autor,
_c2010
300 _av, 72 h. :
_bilus.
502 _aTesis (Ing. Agr. Esp. en Fitotecnia) -- UACH. Departamento de Fitotecnia
530 _aTambién disponible en línea
590 _aALEPH
_b10
_c20130110
_lUCH01
_h1535
590 _aBATCH-UPD
_b10
_c20130110
_lUCH01
_h1851
590 _aBATCH-UPD
_b10
_c20130410
_lUCH01
_h1220
590 _aBATCH-UPD
_b10
_c20130914
_lUCH01
_h0401
590 _aBATCH-UPD
_b10
_c20140324
_lUCH01
_h1518
590 _aBATCH-UPD
_b10
_c20141002
_lUCH01
_h0844
590 _aCONVERSION
_b10
_c20130109
_lUCH01
_h1355
650 1 4 _aArreglos florales.
_97425
650 1 4 _aFloricultura
_zMéxico (Edo.).
_941853
856 _3Finding aid
_uhttp://10.13.5.2/tesis/110508.pdf
_zTeclea aqui
901 _aBK
942 _cFOLL
949 _aTesis
_bBC
_cTES
_d33724002177082
_eTS2
_fc.2
_gDonaciØn
_h50821
_i110508
_sb
949 _aTesis
_bBC
_cTES
_d33724002177124
_eTS1
_gDonaciØn
_h50820
_i110508
_sb
999 _c98850
_d98850